000 00496cam a2200205ua 4500
001 8929
005 20260515114414.0
008 150218n ii |||gr||||Z||||||asm
020 _a817664020X
040 _cMAIN
041 _aasm
082 _a617.033
100 _aKotoky, P.,
_eTranslator.
245 1 _aSwavalamban
_cTranslated by P. Kotaky
250 _a1st.
260 _aGuwahati:
_bStudents,
_c1999.
300 _a128p.
653 _aSurgery & related medical specialties
942 _cBK
999 _c8016
_d8016